Manual de servicio social
Gespeichert in:
| 1. Verfasser: | |
|---|---|
| Format: | Buch |
| Sprache: | Spanisch |
| Veröffentlicht: |
Santiago
Jurídica de Chile
1970
|
| Ausgabe: | 5a. ed |
| Schlagworte: | |
| Tags: |
Tag hinzufügen
Keine Tags, Fügen Sie den ersten Tag hinzu!
|
MARC
| LEADER | 00000nam a2200000 a 4500 | ||
|---|---|---|---|
| 001 | UCR3440 | ||
| 003 | CL-VaPUC | ||
| 008 | 980124e19700000CL |||||||||||||||||spa|d | ||
| 082 | 0 | 4 | |a 361.32 |b MAI |2 21 |
| 100 | |a Maidagán de Ugarte, Valentina |e autora |9 402316 | ||
| 245 | 1 | 0 | |a Manual de servicio social |
| 250 | |a 5a. ed | ||
| 300 | |a 278 p | ||
| 942 | |c BK | ||
| 945 | |d 19980124 00:00:00 |a aolguin | ||
| 260 | |a Santiago |b Jurídica de Chile |c 1970 | ||
| 650 | 0 | |a Servicios sociales |9 338304 | |
| 650 | 0 | |a Asistencia social |9 351613 | |
| 650 | 0 | |a Asistentes sociales |9 402315 | |
| 650 | 7 | |a PROFESION |2 CL-VaPUC |9 399646 | |
| 650 | 7 | |a ORGANIZACION DE LA COMUNIDAD |2 CL-VaPUC |9 316161 | |
| 650 | 0 | |a Bienestar social |9 255298 | |
| 650 | 0 | |a Seguridad social |9 255322 | |
| 583 | |a last modification |c 19980124 00:00:00 |k Rodrigo Vera | ||
| 999 | |c 266513 |d 266511 | ||
| 952 | |0 0 |1 0 |4 0 |6 361_320000000000000_MAI_1970 |7 0 |8 A |9 298200 |a BIBGIM |b BIBGIM |d 2019-11-20 |i 1939726 |o 361.32 MAI 1970 |p 1939726 |r 2025-01-15 |w 2019-11-20 |y BK |k SSL | ||